Validación del modelo de simulación SYNCHRO 4.0 para las condiciones de Costa Rica
Gorde:
| Egile nagusia: | |
|---|---|
| Beste egile batzuk: | |
| Formatua: | Liburua |
| Argitaratua: |
San José, Costa Rica
2001
|
| Gaiak: | |
| Etiketak: |
Etiketa erantsi
Etiketarik gabe, Izan zaitez lehena erregistro honi etiketa jartzen!
|
MARC
| LEADER | 00000nam a2200000Ia 4500 | ||
|---|---|---|---|
| 003 | 008659 | ||
| 005 | 20240809081436.0 | ||
| 008 | 140114s2001 cr a m 000 ||s d | ||
| 040 | |c cru CEDI | ||
| 090 | |a TFG 4264 | ||
| 100 | |a Moya Leandro, Erick , 1976- |9 3505 | ||
| 245 | |a Validación del modelo de simulación SYNCHRO 4.0 para las condiciones de Costa Rica | ||
| 260 | |a San José, Costa Rica |c 2001 | ||
| 300 | |a vi, 184 : ilustraciones a color | ||
| 500 | |a Trabajo de graduación (licenciatura en ingeniería civil)--Universidad de Costa Rica. Facultad de Ingeniería. Escuela de Ingeniería Civil | ||
| 501 | |a Director de Trabajo de Graduación: Ing. Junior Eduardo Araya Villalobos. | ||
| 650 | |x INGENIERÍA DEL TRÁNSITO |x REGLAMENTOS DEL TRANSITO |x SEÑALES DE TRANSITO |x PROGRAMAS PARA COMPUTADORA |9 7910 | ||
| 700 | |a Araya Villalobos, Junior Eduardo, 1972- |9 3506 | ||
| 942 | |c TFG |h TFG 4264 |i 008659 |6 TFG_4264_008659000000000 | ||
| 999 | |c 18172 |d 18172 | ||
